000 00783nab a2200229u 4500
001 19892
003 HDC
007 c| |||a|c|aaaa
008 210301b20111229my ||||o |||| 00| 0 eng d
040 _aHDC
245 0 _aBrazil company to expand ME chicken exports
336 _atext
_2rdacontent
337 _acomputer
_2rdamedia
338 _aonline resource
_2rdacarrier
650 _aBrazilian Poultry Union (UBABEF).
_918152
650 _aCentral Islamic Brazilian Halal Food (Cibal Halal)
_918153
710 _aTradeArabia News Service
856 _zRequest full-text at [email protected]
942 _2lcc
942 _cNEWS
942 _kNWS0 004807
999 _c17208
_d17208